Statistiques concernant Sortilèges Harry Potter

Cliquez ici pour prendre le quiz!

Statistiques générales

  • Ce quiz a été pris 3 050 fois
  • Le résultat moyen est 7 sur 10

Statistiques - réponses

ConséquenceSortilège% Correct
Donne la mortAvada Kedavra
97%
Permet d'illuminer la baguetteLumos
96%
Déverrouille les serruresAlohomora
88%
Fait léviter un objetWingardium Leviosa
84%
Inflige une souffrance physiqueEndoloris
81%
Forme un bouclier de protectionProtego
74%
Protège des détraqueursSpero Patronum
60%
Immobilise un adversaireStupefix
51%
Annule le sort précédantNox
39%
Pour ralentir les chosesImpedimenta
11%

Distribution des résultats

Percentile par nombre de réponses

% des personnes avec chaque résultat

Votre développement - résultats

Vous n’avez pas pris ce quiz